Paralegal Today : The Legal Team At Work

With coverage of general information as well as specific areas of the law, this book ensures that readers develop a comprehensive understanding of the laws in our society, the importance of ethical and professional responsibility, and the skills needed to succeed in the legal world. The sixth editio...

Volledige beschrijving

Bewaard in:
Bibliografische gegevens
Hoofdauteur: Miller, Roger LeRoy.
Formaat: Boek
Taal:Undetermined
Gepubliceerd in: Clifton Park, NY Delmar Cengage Learning 2014
Onderwerpen:
Tags: Voeg label toe
Geen labels, Wees de eerste die dit record labelt!
Thư viện lưu trữ: Trung tâm Học liệu Trường Đại học Cần Thơ
LEADER 01362nam a2200229Ia 4500
001 CTU_207479
008 210402s9999 xx 000 0 und d
020 |c 4235000 
082 |a 340.02373 
082 |b M647 
100 |a Miller, Roger LeRoy. 
245 0 |a Paralegal Today : 
245 4 |b The Legal Team At Work 
245 0 |c Roger LeRoy Miller, Mary Meinzinger. 
260 |a Clifton Park, NY 
260 |b Delmar Cengage Learning 
260 |c 2014 
520 |a With coverage of general information as well as specific areas of the law, this book ensures that readers develop a comprehensive understanding of the laws in our society, the importance of ethical and professional responsibility, and the skills needed to succeed in the legal world. The sixth edition includes increased coverage of technology in the workplace, including critical topics such as confidentiality issues, e-mail policies, technology in the courtroom, and the use of social media in crime detection and enforcing delinquent court judgments. In addition, "Social Media Today" boxed features explain how social media such as Twitter, Facebook, Google+, and LinkedIn can be used in the legal field. 
650 |a Legal assistants,Trợ lý pháp lý 
650 |z United States,Hoa Kỳ 
904 |i Tuyến 
980 |a Trung tâm Học liệu Trường Đại học Cần Thơ